efficiency of using different fertilizers on senpidor rice varity ( ប្រសិទ្ធភាពនៃភាពនៃការប្រើប្រាស់ប្រភេទដីផ្សេងៗគ្នាទៅលើពូជស្រូវផ្កាសែនពិដោរ) (Record no. 921)

000 -LEADER
fixed length control field 00603nam a22001217a 4500
040 ## - CATALOGING SOURCE
Transcribing agency RUA
082 ## - DEWEY DECIMAL CLASSIFICATION NUMBER
Classification number AGR CHI 2010 B041 Or.1
100 ## - MAIN ENTRY--AUTHOR NAME
Personal name CHIM, SOVANNA.
245 ## - TITLE STATEMENT
Title efficiency of using different fertilizers on senpidor rice varity ( ប្រសិទ្ធភាពនៃភាពនៃការប្រើប្រាស់ប្រភេទដីផ្សេងៗគ្នាទៅលើពូជស្រូវផ្កាសែនពិដោរ)
260 ## - PUBLICATION, DISTRIBUTION, ETC. (IMPRINT)
Place of publication Phnom Penh
Name of publisher RUA
Year of publication 2010
856 ## - ELECTRONIC LOCATION AND ACCESS
Uniform Resource Identifier https://drive.google.com/file/d/1vNfqIPRyu6rpw6LM62GVzOLXd9lBgm0w/view?usp=sharing
942 ## - ADDED ENTRY ELEMENTS (KOHA)
Koha item type AGR
952 ## - LOCATION AND ITEM INFORMATION (KOHA)
Withdrawn status [LOCAL, KOHA] 0
952 ## - LOCATION AND ITEM INFORMATION (KOHA)
Withdrawn status [LOCAL, KOHA] 0
952 ## - LOCATION AND ITEM INFORMATION (KOHA)
Withdrawn status [LOCAL, KOHA] 0
952 ## - LOCATION AND ITEM INFORMATION (KOHA)
Withdrawn status [LOCAL, KOHA] 0
952 ## - LOCATION AND ITEM INFORMATION (KOHA)
Withdrawn status [LOCAL, KOHA] 0
952 ## - LOCATION AND ITEM INFORMATION (KOHA)
Withdrawn status [LOCAL, KOHA] 0
952 ## - LOCATION AND ITEM INFORMATION (KOHA)
Withdrawn status [LOCAL, KOHA] 0
952 ## - LOCATION AND ITEM INFORMATION (KOHA)
Withdrawn status [LOCAL, KOHA] 0
952 ## - LOCATION AND ITEM INFORMATION (KOHA)
Withdrawn status [LOCAL, KOHA] 0
952 ## - LOCATION AND ITEM INFORMATION (KOHA)
Withdrawn status [LOCAL, KOHA] 0
Holdings
Permanent Location Date acquired Koha item type Lost status Shelving location Barcode Current Location Full call number
Library Block B2015-09-20AGR B041RUA000584Library Block BAGR CHI 2010 B041 Or.1
Library Block B2015-09-20AGR B041RUA000362Library Block BAGR CHI 2010 B041 Or.2
Library Block B2015-09-20AGR B041RUA000290Library Block BAGR CHI 2010 B041 Or.3
Library Block B2015-09-20AGR B041RUA000512Library Block BAGR CHI 2010 B041 Or.4
Library Block B2015-09-20AGR B041RUA000585Library Block BAGR CHI 2010 B041 Or.5
Library Block B2015-09-20AGR B041RUA000218Library Block BAGR CHI 2010 B041 Or.6
Library Block B2015-09-20AGR B041RUA000801Library Block BAGR CHI 2010 B041 Or.7
Library Block B2015-09-20AGR B041RUA000081Library Block BAGR CHI 2010 B041 Or.8
Library Block B2015-09-20AGR B041RUA000121Library Block BAGR CHI 2010 B041 Or.9
Library Block B2015-09-24AGR B041RUA000329Library Block BAGR CHI 2010 B041 Or.10
មជ្ឈមណ្ឌលឯការនៃសាកលវិទ្យាល័យភូមិន្ទកសិកម្មចំការដូង

Powered by Koha